000
00194nam a22000857a 4500
040
_c
SCME
100
_a
Zhu Min
245
_a
The chinese economy emerging on the global horizon
942
_2
ddc
_c
BK
999
_c
589582
_d
589582